ARRUPE JESUIT UNIVERSITY

CORONAVIRUS -STOP THE SPREAD - CLEAN,DISINFECT,COVER

Man's responsibility for nature : (Record no. 60600)

MARC details
000 -LEADER
fixed length control field 00962cam a2200301 i 4500
001 - CONTROL NUMBER
control field 438095
003 - CONTROL NUMBER IDENTIFIER
control field ARRUPE
005 - DATE AND TIME OF LATEST TRANSACTION
control field 20170922121504.0
008 - FIXED-LENGTH DATA ELEMENTS--GENERAL INFORMATION
fixed length control field 810302s1980 enk b 001 0 eng
010 ## - LIBRARY OF CONGRESS CONTROL NUMBER
LC control number 81455608
015 ## - NATIONAL BIBLIOGRAPHY NUMBER
National bibliography number GB***
020 ## - INTERNATIONAL STANDARD BOOK NUMBER
International Standard Book Number 0715607561 :
Terms of availability £24.00
020 ## - INTERNATIONAL STANDARD BOOK NUMBER
International Standard Book Number 0715608193 (pbk.)
040 ## - CATALOGING SOURCE
Original cataloging agency DLC
Transcribing agency DLC
Modifying agency DLC
050 00 - LIBRARY OF CONGRESS CALL NUMBER
Classification number GF75
Item number .P34 1980
082 00 - DEWEY DECIMAL CLASSIFICATION NUMBER
Classification number 304.2
Edition number 19
300 ## - PHYSICAL DESCRIPTION
Dimensions 26 cm.
100 1# - MAIN ENTRY--PERSONAL NAME
Personal name Passmore, John Arthur.
9 (RLIN) 36160
245 10 - TITLE STATEMENT
Title Man's responsibility for nature :
Remainder of title ecological problems and Western traditions /
Statement of responsibility, etc John Passmore.
250 ## - EDITION STATEMENT
Edition statement 2d ed.
260 ## - PUBLICATION, DISTRIBUTION, ETC. (IMPRINT)
Place of publication, distribution, etc London :
Name of publisher, distributor, etc Duckworth,
Date of publication, distribution, etc 1980.
300 ## - PHYSICAL DESCRIPTION
Extent xiv, 227 p. ;
500 ## - GENERAL NOTE
General note Includes indexes.
504 ## - BIBLIOGRAPHY, ETC. NOTE
Bibliography, etc Bibliography: p. 219-220.
650 #0 - SUBJECT ADDED ENTRY--TOPICAL TERM
Topical term or geographic name as entry element Nature
General subdivision Effect of human beings on.
9 (RLIN) 36040
650 #0 - SUBJECT ADDED ENTRY--TOPICAL TERM
Topical term or geographic name as entry element Environmental ethics.
9 (RLIN) 36161
650 #0 - SUBJECT ADDED ENTRY--TOPICAL TERM
Topical term or geographic name as entry element Environmental protection.
9 (RLIN) 23537
906 ## - LOCAL DATA ELEMENT F, LDF (RLIN)
a 7
b cbc
c orignew
d 4
e ncip
f 19
g y-gencatlg
942 ## - ADDED ENTRY ELEMENTS (KOHA)
Source of classification or shelving scheme Library of Congress Classification
Koha item type Monograph ( Printed materials)
Holdings
Withdrawn status Lost status Source of classification or shelving scheme Damaged status Not for loan Collection code Home library Current library Shelving location Date acquired Total Checkouts Full call number Barcode Date last seen Date checked out Copy number Price effective from Koha item type
    Library of Congress Classification     Main Collection ARRUPE LIBRARY ARRUPE LIBRARY   05/03/2013 6 GF75.P34 1980 46003093076 23/10/2023 25/09/2023 1 05/03/2013 Monograph ( Printed materials)

 

Arrupe Library. PO Box MP320 Mt Pleasant, Harare, Zimbabwe
263 242 745411|librarian@aju.ac.zw